| 000 | 00396nam a22001457a 4500 | ||
|---|---|---|---|
| 003 | MACL | ||
| 005 | 20240710162126.0 | ||
| 008 | 240710b |||||||| |||| 00| 0 eng d | ||
| 040 | _cMACL | ||
| 100 |
_aSingh, sheelawant _982459 |
||
| 245 | _aGeneral Studies Paper-1 for civil service & state service examination | ||
| 260 |
_aNew Delhi _bMcGraaw Hill _c2018 |
||
| 650 | _aG.K. | ||
| 942 |
_2ddc _cBK |
||
| 999 |
_c66963 _d66963 |
||